| 000 -LEADER |
| fixed length control field |
01883cam a2200481Ia 4500 |
| 001 - CONTROL NUMBER |
| control field |
11089863 |
| 003 - CONTROL NUMBER IDENTIFIER |
| control field |
USPCAS-E |
| 005 - DATE AND TIME OF LATEST TRANSACTION |
| control field |
20180118181413.0 |
| 006 - FIXED-LENGTH DATA ELEMENTS--ADDITIONAL MATERIAL CHARACTERISTICS |
| fixed length control field |
m o d |
| 007 - PHYSICAL DESCRIPTION FIXED FIELD--GENERAL INFORMATION |
| fixed length control field |
cr cnu---unuuu |
| 008 - FIXED-LENGTH DATA ELEMENTS--GENERAL INFORMATION |
| fixed length control field |
070712s2006 enka o 000 0 eng d |
| 020 ## - INTERNATIONAL STANDARD BOOK NUMBER |
| International Standard Book Number |
9780080492643 (electronic bk.) |
| 020 ## - INTERNATIONAL STANDARD BOOK NUMBER |
| International Standard Book Number |
0080492649 (electronic bk.) |
| 020 ## - INTERNATIONAL STANDARD BOOK NUMBER |
| International Standard Book Number |
9780750667401 |
| 020 ## - INTERNATIONAL STANDARD BOOK NUMBER |
| International Standard Book Number |
0750667400 (pbk.) |
| 035 ## - SYSTEM CONTROL NUMBER |
| System control number |
(OCoLC)ocn154727677 |
| 035 ## - SYSTEM CONTROL NUMBER |
| System control number |
(OCoLC)154727677 |
| Canceled/invalid control number |
(OCoLC)505086750 |
| -- |
(OCoLC)648302398 |
| 035 ## - SYSTEM CONTROL NUMBER |
| System control number |
(NNC)11089863 |
| 040 ## - CATALOGING SOURCE |
| Original cataloging agency |
N$T |
| Language of cataloging |
eng |
| Transcribing agency |
N$T |
| Modifying agency |
OCLCQ |
| -- |
YDXCP |
| -- |
OCLCQ |
| -- |
IDEBK |
| -- |
OCLCQ |
| -- |
OCLCF |
| -- |
COO |
| -- |
UBY |
| -- |
E7B |
| -- |
ZCU |
| 050 #4 - LIBRARY OF CONGRESS CALL NUMBER |
| Classification number |
TK4058 |
| Item number |
.C76 2006eb |
| 072 #7 - SUBJECT CATEGORY CODE |
| Subject category code |
TEC |
| Subject category code subdivision |
009070 |
| Source |
bisacsh |
| 082 04 - DEWEY DECIMAL CLASSIFICATION NUMBER |
| Classification number |
621.46 |
| Edition number |
22 |
| Author Mark |
CRO-E 2006 |
| 100 1# - MAIN ENTRY--PERSONAL NAME |
| Personal name |
Crowder, Richard M. |
| 245 10 - TITLE STATEMENT |
| Title |
Electric drives and electromechanical systems |
| Medium |
[electronic resource] / |
| Statement of responsibility, etc. |
Richard Crowder. |
| 260 ## - PUBLICATION, DISTRIBUTION, ETC. |
| Place of publication, distribution, etc. |
Oxford : |
| Name of publisher, distributor, etc. |
Elsevier, |
| Date of publication, distribution, etc. |
c2006. |
| 300 ## - PHYSICAL DESCRIPTION |
| Extent |
1 online resource (xv, 292 p.) : |
| Other physical details |
ill. |
| 502 ## - DISSERTATION NOTE |
| Dissertation note |
0 |
| 504 ## - BIBLIOGRAPHY, ETC. NOTE |
| Bibliography, etc. note |
Includes bibliographical references and index. |
| 650 #0 - SUBJECT ADDED ENTRY--TOPICAL TERM |
| Topical term or geographic name entry element |
Electric driving. |
| 650 #0 - SUBJECT ADDED ENTRY--TOPICAL TERM |
| Topical term or geographic name entry element |
Electric controllers. |
| 650 #0 - SUBJECT ADDED ENTRY--TOPICAL TERM |
| Topical term or geographic name entry element |
Power electronics. |
| 650 #7 - SUBJECT ADDED ENTRY--TOPICAL TERM |
| Topical term or geographic name entry element |
TECHNOLOGY & ENGINEERING |
| General subdivision |
Mechanical. |
| Source of heading or term |
bisacsh |
| 650 #7 - SUBJECT ADDED ENTRY--TOPICAL TERM |
| Topical term or geographic name entry element |
Electric controllers. |
| Source of heading or term |
fast |
| 650 #7 - SUBJECT ADDED ENTRY--TOPICAL TERM |
| Topical term or geographic name entry element |
Electric driving. |
| Source of heading or term |
fast |
| 650 #7 - SUBJECT ADDED ENTRY--TOPICAL TERM |
| Topical term or geographic name entry element |
Power electronics. |
| Source of heading or term |
fast |
| 655 #4 - INDEX TERM--GENRE/FORM |
| Genre/form data or focus term |
Electronic books. |
| 655 #7 - INDEX TERM--GENRE/FORM |
| Genre/form data or focus term |
Electronic books. |
| Source of term |
local |
| 776 08 - ADDITIONAL PHYSICAL FORM ENTRY |
| Relationship information |
Print version: |
| Main entry heading |
Crowder, Richard M. |
| Title |
Electric drives and electromechanical systems. |
| Place, publisher, and date of publication |
Oxford : Elsevier, 2006 |
| International Standard Book Number |
9780750667401 |
| -- |
0750667400 |
| Record control number |
(OCoLC)124874254 |
| 856 40 - ELECTRONIC LOCATION AND ACCESS |
| Uniform Resource Identifier |
<a href="http://www.columbia.edu/cgi-bin/cul/resolve?clio11089863.001">http://www.columbia.edu/cgi-bin/cul/resolve?clio11089863.001</a> |
| Public note |
ACADEMIC - Mechanics & Mechanical Engineering |
| 856 40 - ELECTRONIC LOCATION AND ACCESS |
| Uniform Resource Identifier |
<a href="http://www.columbia.edu/cgi-bin/cul/resolve?clio11089863.002">http://www.columbia.edu/cgi-bin/cul/resolve?clio11089863.002</a> |
| Public note |
ACADEMIC - Electrical & Power Engineering |
| 942 ## - ADDED ENTRY ELEMENTS (KOHA) |
| Source of classification or shelving scheme |
|
| Koha item type |
Book |